Sociální krize firem

Stručná charakteristika sociálnej podoby krízy firiem. Základné príčiny sociálnej krízy. Analýza rizík. Krízový scenár.

Salvato in:
Dettagli Bibliografici
Autore principale: Stýblo, Jiří
Natura: Capitolo di libro
Lingua:ceco
Soggetti:
Tags: Aggiungi Tag
Nessun Tag, puoi essere il primo ad aggiungerne!!

MARC

LEADER 00000naa a2200000 4500
001 r043426
005 20231002103531.2
041 0 |a cze 
044 |a CZ 
245 1 0 |a Sociální krize firem  |c Jiří Stýblo 
520 |a Stručná charakteristika sociálnej podoby krízy firiem. Základné príčiny sociálnej krízy. Analýza rizík. Krízový scenár. 
610 2 0 |a podnik 
610 2 0 |a riadenie 
610 2 0 |a kríza 
610 2 0 |a riziko 
610 2 0 |a manažment krízový 
100 1 |a Stýblo, Jiří